000 00325nam a2200133Ia 4500
008 240112s1974 xx 000 0 und d
041 _aeng
082 _a616.03
100 _aFARBER S.J.
245 _aAMERICAN JOURNAL OF MEDICAL SCIENCES
260 _bUNITED STATE OF AMERICA
_c1974
300 _a376,HB
440 _v267
999 _c1141808
_d1141808